Представление документа в формате RUSMARC

ПолеНазваниеЗначение
  Тип записи a
  Библиографический уровень m
001 Контрольный номер 097a585d164b4baeab22534073602b09
005 Дата корректировки 20140506155459.4
200 Заглавие и сведения об ответственности __
a Заглавие Библиотека и юношество: поиски взаимопонимания. Библиотечное обслуживание как процесс социализации личности
210 Выходные данные __
a Место издания М.
c Издательство Институт психологии РАН
d Дата издания 1999
215 Физическое описание __
a Объем 160 с.
461 Уровень набора _0
1 2001
a Сорос
606 Тематические рубрики __
a Основная рубрика Библиотечное дело. Библиотековедение. Библиография
686 Индексы других классификаций __
a Классификационный индекс 78.38
a Классификационный индекс 88.52
2 Код системы rubbk
2 Код системы rubbk
700 Автор __
a Фамилия Мелентьева
b Имя Ю. В.
899 Данные о местонахождении __
j Расстановочный фильтр 78.38
c Местонахождение стеллажа (устаревшее) 78.38
i Авторский знак М 47
938 Служебная информация __
a Название организации Волгоградский филиал
b Имя БД Каталог_ВКИ
c Название АИБС АИБС МАРК-SQL